00366nam a2200097 4500082001600000100002600016245011400042260003200156300002300188856005700211 aMSCS-03 ZUB aMuhammad Zubair Afzal aAutomated system for detection of diabetic retinopathy and age related macular degeneration in retinal images aIslamabadbNUST-SEECSc2017 a100p.eCD Includes uhttp://10.250.8.41:8080/xmlui/handle/123456789/23128